000
00300nam a2200121 a 4500
001
000002420
005
20200929150208.0
008
090702s1997 000 spa d
020
_a
848938407X
245
0
_a
Lecturas, libros y bibliotecas para niƱos.
260
_a
Madrid,
_c
1997.
999
_c
2256
_d
2256
040
_a
DO-SdBNP